Armed conflicts in the economic, social and legal context of the present: causes, regularities and contradictions

Málo skúmané alebo kontroverzné aspekty otázok ozbrojených konfliktov v modernom svete, typológia ich príčin, vzorce hospodárskeho rozvoja v konflikte. Kľúčové dimenzie pri riešení problémov ozbrojených konfliktov dňa, konkrétne príčin, dôsledkov a právneho kontextu. Vplyv ozbrojeného konfliktu na d...

Ausführliche Beschreibung

Gespeichert in:
Bibliographische Detailangaben
1. Verfasser: Pyrih, Ihor
Weitere Verfasser: Bidniak, Hanna, Pletenets, Viktor
Format: Buchkapitel
Sprache:Englisch
Schlagworte:
Tags: Tag hinzufügen
Keine Tags, Fügen Sie das erste Tag hinzu!

MARC

LEADER 00000naa a2200000 4500
001 0257273
005 20190807074836.1
041 0 |a eng 
044 |a UA 
245 1 0 |a Armed conflicts in the economic, social and legal context of the present: causes, regularities and contradictions  |c Ihor Pyrih, Hanna Bidniak, Viktor Pletenets 
520 |a Málo skúmané alebo kontroverzné aspekty otázok ozbrojených konfliktov v modernom svete, typológia ich príčin, vzorce hospodárskeho rozvoja v konflikte. Kľúčové dimenzie pri riešení problémov ozbrojených konfliktov dňa, konkrétne príčin, dôsledkov a právneho kontextu. Vplyv ozbrojeného konfliktu na dynamiku HDP na obyvateľa. Rozpory v právnom rozmere urovnania ozbrojených konfliktov na medzinárodnej úrovni, vytvorené v dôsledku globalizácie hospodárstva a zrútenia bipolárneho svetového systému. 
610 2 0 |a konflikty medzinárodné 
610 2 0 |a konflikty 
610 2 0 |a globalizácia 
610 2 0 |a chudoba 
610 2 0 |a rozvoj hospodársky 
610 2 0 |a právo 
610 2 0 |a produkt domáci hrubý 
100 1 |a Pyrih, Ihor 
700 1 |a Bidniak, Hanna 
700 1 |a Pletenets, Viktor